| 000 | 00970cam a2200253 4500 | ||
|---|---|---|---|
| 008 | 000000n1988 000 0 eng u | ||
| 020 | _a2884320008 | ||
| 035 | _a(Sirsi) u109337 | ||
| 050 | _a624.08 | ||
| 110 |
_aFederation Internationale des Ingenieurs-Conseils _9764 |
||
| 245 | _aConditions of contract for electrical and mechanical works including erection on site with forms of tender and agreement. | ||
| 250 | _a3rd ed. | ||
| 260 |
_aLausanne _bFIDIC _c1988 |
||
| 300 | _av,38,viip. ; 30cm. | ||
| 350 | _a25.00 | ||
| 520 | _aReprint of 1987 edition with editorial amendments. | ||
| 650 | _aENGINEERING CONTRACTS | ||
| 650 | _aINTERNATIONAL CONTRACTS | ||
| 650 | _aYELLOW BOOK | ||
| 650 | _aMECHANICAL AND ELECTRICAL WORKS | ||
| 650 | _aBUILT ENVIRONMENT-BUILDING CONTRACT FORMS-STANDARD FORMS OF BUILDING CONTRACT-INTERNATIONAL FEDERATION OF CONSULTING ENGINEERS CONTRACTS | ||
| 690 | _aBUILT ENVIRONMENT-BUILDING CONTRACT FORMS | ||
| 942 | _n0 | ||
| 999 |
_c100927 _d100927 |
||